000 01266cam a2200289 4500
008 011112n2002 000 0 eng u
020 _a1903208432
035 _a(Sirsi) u120178
050 _a306.3
_c18
100 _aWilcox, S.
245 _aUK housing review 2002/2003
250 _a11th ed.
260 _aCoventry
_bChartered Institute of Housing
_aLondon
_bCouncil of Mortgage Lenders
_c2002
300 _a213p.
_c21 x 30 cm.
350 _a50
520 _aIllustrated throughout with charts and tables this annual review brings together statistical data for: UK and international economic trends; public expenditure plans; housing stock and conditions; housing characteristics and incomes; house princes and market trends; investment by local authorities and housing associations; rents and revenue spending; homelessness and lettings; subsidies, relief and benefits. This edition also considers housing issues relating to devolution within the UK.
650 _aDEVOLUTION
650 _aHOUSE PRICES
650 _aHOUSE SALES
650 _aHOUSING CONDITIONS
650 _aHOUSING FINANCE
650 _aRESIDENTIAL PROPERTY
_96266
650 _aSTATISTICS
690 _aHOUSING
710 _aJoseph Rowntree Foundation
_92318
942 _n0
999 _c102497
_d102497